Can you name all the Carry On movies? - Statistics

General Stats
  • This quiz has been taken 113 times
  • The average score is 20 of 31
Answer Stats
Year Film % Correct
1967 Carry On Doctor
95%
1959 Carry On Nurse
93%
1969 Carry On Camping
91%
1972 Carry On Matron
79%
1968 Carry On Up The Khyber
71%
1971 Carry On Henry
70%
1972 Carry On Abroad
69%
1966 Carry On Screaming!
68%
1964 Carry On Spying
68%
1969 Carry On Again Doctor
66%
1959 Carry On Teacher
66%
1992 Carry On Columbus
65%
1964 Carry On Cleo
64%
1960 Carry On Constable
64%
1966 Carry On Don't Lose Your Head
64%
1970 Carry On Loving
64%
1971 Carry On At Your Convenience
63%
1958 Carry On Sergeant
63%
1963 Carry On Cabby
61%
1962 Carry On Cruising
61%
1965 Carry On Cowboy
60%
1974 Carry On Dick
58%
1973 Carry On Girls
58%
1967 Carry On Follow That Camel
56%
1970 Carry On Up The Jungle
56%
1975 Carry On Behind
54%
1976 Carry On England
54%
1961 Carry On Regardless
54%
1963 Carry On Jack
48%
1978 Carry On Emmannuelle
41%
1977 That's Carry On (Compilaton film)
35%
No matching quizzes found
Score Distribution
Percent of People with Each Score
Percentile by Number Answered
Your Score History
You have not taken this quiz